Statistics for Greek Gods and Goddesses

Click here to take the quiz!

General Stats

  • This quiz has been taken 32 times
    (21 since last reset)
  • The average score is 17 of 23

Answer Stats

God or Goddess of _______ God or Goddess % Correct
God of the UnderworldHades
100%
Goddess of WisdomAthena
95%
God of the SkyZeus
95%
Goddess of LoveAphrodite
95%
God of the SeaPoseidon
95%
God of Healing, and a Bunch of Other ThingsApollo
89%
Goddess of FamilyHera
89%
God of WarAres
84%
God of WineDionysus
84%
God of ThieveryHermes
84%
Goddess of the HuntArtemis
79%
God of Blacksmiths and FireHephaestus
79%
God of SunHelios
63%
God of SleepHypnos
63%
Goddess of the HearthHestia
63%
God of LoveEros
63%
Goddess of the MoonSelene
58%
Goddess of Earth, Flowers and NatureDemeter
58%
Goddess of SpringPersephone
58%
Goddess of RevengeNemesis
53%
Goddess of MagicHecate
47%
God of DeathThanatos
47%
Goddess of DawnEos
47%

Score Distribution

Percentile by Number Answered

Percent of People with Each Score

Your Score History

You have not taken this quiz since the last reset